00749 a2200217 45000010006000000050017000060080041000230030015000640400040000790800033001192450039001520200018001912640029002093000019002385050194002570410008004511000015004597000022004747000017004967000018005133941520260407155653.0260407a1974 arg spa dAR-UNSa-BCEJYS aAR-UNSa-BCEJYSbspacAR-UNSa-BCEJYS a336.781.5xTipo de interés10aTeoría de los tipos de interés a84-335-3333-9 1aBarcelona :bLaborc1974 a380 p.c22 cm. a1. Teorías de selección de activos - 2. Dinero, tipos de interés y modelos de equilibrio - 3. Interés, crecimiento y recursos intertemporales - 4. Informe de las sesiones de trabajo aspa1 aHahn, F.H.1 aBrechling, F.P.R.1 aRovira, Rosa1 aOller, Manuel